000 00212 a2200097 4500
020 _a9780553589078
041 _aeng
100 _aAmerican Diabetes Association
245 _aComplete Guide to Diavetes
942 _cK
999 _c26944
_d26944